000 00641nam a2200241Ia 4500
003 OSt
005 20220918202249.0
006 a|||||r|||| 00| 0
007 ta
008 220917b |||||||| |||| 00| 0 eng d
024 _a99,910
037 _cTextual
040 _aARTS
_cARTS
_beng
041 _2eng
_aeng
082 _aV2:5:D, F4 (906)
100 _aMookerji Radha Kumud
245 0 _aMen and thought in ancient India
260 _c1924
490 _aLucknow University series in Indian history
650 _aHISTORY
942 _hV2:5:D, F4 (906)
_cTEXL
_2CC
999 _c223469
_d223469